000 00748nam a2200229 a 4500
001 000010632
003 DO-SdBNP
005 20240412074220.0
008 091008t1987 dr a 001 p spa d
040 _aDO-SdBNP
_bspa
_cBNPHU
082 _aRD861.44
_bO64t
100 1 _aOrbe, Antonio Ignacio del
_925723
245 1 0 _aTiempos negros /
_cAntonio Ignacio del Orbe; prólogo Joaquín Balaguer ; ilustraciones Carlos Hinojosa.
260 _aSanto Domingo :
_bCorripio,
_c1987.
300 _a154 p. :
_bil. ;
_c23 cm.
590 _aInventariado, 2018/LP
650 1 4 _aPoesía dominicana
_966
650 1 0 _aLiteratura dominicana.
_967
700 1 _aHinojosa, Carlos,
_eil.
_925724
910 _aValidado. Control de calidad EMS
942 _2ddc
_cLBS1
999 _c10390
_d10390